000 01468 a2200193 4500
020 _a0521173787 (paperback)
020 _a9780521173780 (paperback)
082 _a428.0076
090 _c6416
_d6416
100 1 _aESOL, Cambridge.
245 1 0 _aCambridge ielts 8 student's book with answers :
_bofficial examination papers from university of cambridge esol examinations /
_cCambridge ESOL.
260 _a[S.l.] :
_bCambridge University Press,
_c2011.
300 _a176 p. ;
_c25 cm.
490 1 _aIelts practice tests.
520 _aCambridge IELTS 8 contains four authentic IELTS papers from Cambridge ESOL, providing excellent exam practice. The Student's Book with answers provides students with an excellent opportunity to familiarise themselves with IELTS and to practise examination techniques using authentic test material prepared by Cambridge ESOL. This book contains four complete tests for Academic candidates, plus extra Reading and Writing modules for General Training candidates. An introduction to these different modules is included in each book, together with with an explanation of the scoring system used by Cambridge ESOL. A comprehensive section of answers and tapescripts makes the material ideal for students working partly or entirely on their own. Audio available separately.
830 0 _aIelts practice tests.
856 4 0 _3Amazon.com
_uhttp://www.amazon.com/exec/obidos/ASIN/0521173787/chopaconline-20
942 _aNBS
_cBK
_k428.0076 JAK
999 _c348780
_d348780